000 00242nam a2200097Ia 4500
001 834457
005 20250826172434.0
008 250824s9999 xx 000 0 und d
245 0 _aHAZIRLIKSIZ
_cTOLGA GÜMÜŞAY
260 _bGÜNIŞIĞI YAYINLARI
999 _c834457
_d834457